Surveying Vol-II (Record no. 5393)
[ view plain ]
| 000 -LEADER | |
|---|---|
| fixed length control field | 00335nam a2200145Ia 4500 |
| 008 - FIXED-LENGTH DATA ELEMENTS--GENERAL INFORMATION | |
| fixed length control field | 191201s2012 xx 000 0 und d |
| 082 ## - DEWEY DECIMAL CLASSIFICATION NUMBER | |
| Classification number | 526.9 |
| Item number | PUS |
| 100 ## - MAIN ENTRY--PERSONAL NAME | |
| Personal name | PUNMIA, BC |
| 245 #0 - TITLE STATEMENT | |
| Title | Surveying Vol-II |
| 250 ## - EDITION STATEMENT | |
| Edition statement | Rep |
| 260 ## - PUBLICATION, DISTRIBUTION, ETC. (IMPRINT) | |
| Place of publication, distribution, etc | N. Delhi |
| Name of publisher, distributor, etc | Laxmi Publications |
| Date of publication, distribution, etc | 2012 |
| 300 ## - PHYSICAL DESCRIPTION | |
| Extent | 608 |
| 650 ## - SUBJECT ADDED ENTRY--TOPICAL TERM | |
| Topical term or geographic name as entry element | B.Tech(CE) |
| 942 ## - ADDED ENTRY ELEMENTS (KOHA) | |
| Source of classification or shelving scheme | Dewey Decimal Classification |
| Koha item type | Text Books |
| Withdrawn status | Lost status | Source of classification or shelving scheme | Damaged status | Not for loan | Collection code | Home library | Current library | Date acquired | Source of acquisition | Cost, normal purchase price | Serial Enumeration / chronologySerial Enumeration / Volume No. | Bill Number | Total Checkouts | Full call number | Acc. no. / Barcode | Date last seen | Bill Date | Koha item type | Date last borrowed | Checked out |
|---|---|---|---|---|---|---|---|---|---|---|---|---|---|---|---|---|---|---|---|---|
| Dewey Decimal Classification | B.Tech(CE) | PIET C-LIBRARY | PIET C-LIBRARY | 17/07/2012 | IBH, New Delhi | 425.00 | II | 5685 | 526.9 PUS | 20322 | 04/12/2019 | 14/07/2012 | Text Books | |||||||
| Dewey Decimal Classification | B.Tech(CE) | PIET C-LIBRARY | PIET C-LIBRARY | 17/07/2012 | IBH, New Delhi | 425.00 | II | 5685 | 1 | 526.9 PUS | 20323 | 12/03/2021 | 14/07/2012 | Text Books | 25/02/2021 | |||||
| Dewey Decimal Classification | B.Tech(CE) | PIET C-LIBRARY | PIET C-LIBRARY | 17/07/2012 | IBH, New Delhi | 425.00 | II | 5685 | 1 | 526.9 PUS | 20324 | 06/11/2020 | 14/07/2012 | Text Books | 06/11/2020 | 20/11/2020 | ||||
| Dewey Decimal Classification | B.Tech(CE) | PIET C-LIBRARY | PIET C-LIBRARY | 17/07/2012 | IBH, New Delhi | 425.00 | II | 5685 | 526.9 PUS | 20325 | 04/12/2019 | 14/07/2012 | Text Books | |||||||
| Dewey Decimal Classification | B.Tech(CE) | PIET C-LIBRARY | PIET C-LIBRARY | 17/07/2012 | IBH, New Delhi | 425.00 | II | 5685 | 526.9 PUS | 20326 | 04/12/2019 | 14/07/2012 | Text Books | |||||||
| Dewey Decimal Classification | B.Tech(CE) | PIET C-LIBRARY | PIET C-LIBRARY | 17/07/2012 | IBH, New Delhi | 425.00 | II | 5685 | 1 | 526.9 PUS | 20327 | 08/01/2026 | 14/07/2012 | Text Books | 08/01/2026 | |||||
| Dewey Decimal Classification | B.Tech(CE) | PIET C-LIBRARY | PIET C-LIBRARY | 17/07/2012 | IBH, New Delhi | 425.00 | II | 5685 | 1 | 526.9 PUS | 20328 | 04/12/2020 | 14/07/2012 | Text Books | 04/12/2020 | 02/06/2021 | ||||
| Dewey Decimal Classification | B.Tech(CE) | PIET C-LIBRARY | PIET C-LIBRARY | 17/07/2012 | IBH, New Delhi | 425.00 | II | 5685 | 526.9 PUS | 20329 | 04/12/2019 | 14/07/2012 | Text Books | |||||||
| Dewey Decimal Classification | B.Tech(CE) | PIET C-LIBRARY | PIET C-LIBRARY | 17/07/2012 | IBH, New Delhi | 425.00 | II | 5685 | 3 | 526.9 PUS | 20330 | 20/01/2022 | 14/07/2012 | Text Books | 20/01/2022 | 19/07/2022 | ||||
| Dewey Decimal Classification | B.Tech(CE) | PIET C-LIBRARY | PIET C-LIBRARY | 17/07/2012 | IBH, New Delhi | 425.00 | II | 5685 | 526.9 PUS | 20331 | 04/12/2019 | 14/07/2012 | Text Books | |||||||
| Dewey Decimal Classification | B.Tech(CE) | PIET C-LIBRARY | PIET C-LIBRARY | 22/09/2012 | IBH, New Delhi | 425.00 | 11893 | 526.9 PUS | 21026 | 04/12/2019 | 21/09/2012 | Text Books | ||||||||
| Dewey Decimal Classification | B.Tech(CE) | PIET C-LIBRARY | PIET C-LIBRARY | 22/09/2012 | IBH, New Delhi | 425.00 | 11893 | 526.9 PUS | 21027 | 04/12/2019 | 21/09/2012 | Text Books | ||||||||
| Dewey Decimal Classification | B.Tech(CE) | PIET C-LIBRARY | PIET C-LIBRARY | 22/09/2012 | IBH, New Delhi | 425.00 | 11893 | 526.9 PUS | 21028 | 04/12/2019 | 21/09/2012 | Text Books | ||||||||
| Dewey Decimal Classification | B.Tech(CE) | PIET C-LIBRARY | PIET C-LIBRARY | 22/09/2012 | IBH, New Delhi | 425.00 | 11893 | 526.9 PUS | 21029 | 04/12/2019 | 21/09/2012 | Text Books | ||||||||
| Dewey Decimal Classification | B.Tech(CE) | PIET C-LIBRARY | PIET C-LIBRARY | 22/09/2012 | IBH, New Delhi | 425.00 | 11893 | 526.9 PUS | 21030 | 04/12/2019 | 21/09/2012 | Text Books | ||||||||
| Dewey Decimal Classification | B.Tech(CE) | PIET C-LIBRARY | PIET C-LIBRARY | 22/09/2012 | IBH, New Delhi | 425.00 | 11893 | 526.9 PUS | 21031 | 04/12/2019 | 21/09/2012 | Text Books | ||||||||
| Dewey Decimal Classification | B.Tech(CE) | PIET C-LIBRARY | PIET C-LIBRARY | 22/09/2012 | IBH, New Delhi | 425.00 | 11893 | 526.9 PUS | 21032 | 04/12/2019 | 21/09/2012 | Text Books | ||||||||
| Dewey Decimal Classification | B.Tech(CE) | PIET C-LIBRARY | PIET C-LIBRARY | 22/09/2012 | IBH, New Delhi | 425.00 | 11893 | 526.9 PUS | 21033 | 04/12/2019 | 21/09/2012 | Text Books | ||||||||
| Dewey Decimal Classification | B.Tech(CE) | PIET C-LIBRARY | PIET C-LIBRARY | 22/09/2012 | IBH, New Delhi | 425.00 | 11893 | 526.9 PUS | 21034 | 04/12/2019 | 21/09/2012 | Text Books | ||||||||
| Dewey Decimal Classification | B.Tech(CE) | PIET C-LIBRARY | PIET C-LIBRARY | 22/09/2012 | IBH, New Delhi | 425.00 | 11893 | 526.9 PUS | 21035 | 04/12/2019 | 21/09/2012 | Text Books |